000
00274nam a22001097a 4500
082
_a
697.93 RAM'D
100
_a
RAMSEY, M. A
_9
78934
245
_a
DESIGN PROBLEMS IN AIR CONDITIONING AND REFRIGERATION
260
_a
NEWYORK
_b
INDUSTRIAL
_c
1966
300
_a
167P
942
_c
BK
999
_c
584003
_d
584003